[Event "46th GRE-chT Premier 2018"]
[Site "Rio Achaia"]
[Date "2018.07.10"]
[Round "1"]
[White "Ergazakis, Ioannis"]
[Black "Dimopoulos, Symeon"]
[Result "1-0"]
[WhiteElo "2228"]
[BlackElo "2020"]
[Annotator "NA"]
[PlyCount "87"]
[EventDate "2018.07.10"]
[EventType "team-tourn"]
[EventCountry "GRE"]
[SourceTitle "playchess.com"]
[Source "ChessBase"]
[SourceQuality "1"]
[TimeControl "40/5400+30:1800+30"]

1. e4 {[%emt 0:00:00]} e6 {[%emt 0:00:00]} 2. d4 {[%emt 0:00:00]} d5 {[%emt 0:00:00]} 3. Nd2 {[%emt 0:00:00]} Nf6 {[%emt 0:00:30]} 4. e5 {[%emt 0:00:00]} Nfd7 {[%emt 0:00:13]} 5. Bd3 {[%emt 0:00:00]} c5 {[%emt 0:00:19]} 6. c3 {[%emt 0:00:12]} Nc6 {[%emt 0:00:37]} 7. Ne2 {[%emt 0:00:08]} cxd4 {[%emt 0:00:53]} 8. cxd4 {[%emt 0:00:05]} f6 {[%emt 0:00:39]} 9. Nf4 {[%emt 0:06:24]} Nxd4 {[%emt 0:03:48]} 10. Qh5+ {[%emt 0:00:08]} Ke7 {[%emt 0:00:26]} 11. exf6+ {[%emt 0:00:18]} Nxf6 {[%emt 0:00:15]} 12. Ng6+ {[%emt 0:00:10]} hxg6 {[%emt 0:00:22]} 13. Qxh8 {[%emt 0:00:05]} Kf7 {[%emt 0:01:03]} 14. O-O {[%emt 0:00:06]} e5 {[%emt 0:01:18]} 15. Nb3 {[%emt 0:00:08]} Nxb3 {[%emt 0:01:42]} 16. axb3 {[%emt 0:00:05]} Be6 {[%emt 0:02:37]} 17. Bg5 {[%emt 0:05:31]} Qb6 {[%emt 0:05:58]} 18. Rac1 {[%emt 0:21:04]} Rd8 {[%emt 0:16:20]} 19. Qh4 {[%emt 0:11:28]} Be7 {[%emt 0:21:21]} 20. Qa4 {[%emt 0:06:00]} e4 {[%emt 0:07:10]} 21. Be2 {[%emt 0:00:28]} Bc5 {[%emt 0:14:12]} 22. Qb5 {[%emt 0:05:11]} Qxb5 {[%emt 0:02:55]} 23. Bxb5 {[%emt 0:00:15]} Bb6 {[%emt 0:00:09]} 24. Bf4 {[%emt 0:01:07]} d4 {[%emt 0:04:56]} 25. Bc7 {[%emt 0:01:08]} Rd5 {[%emt 0:00:23]} 26. Bxb6 {[%emt 0:00:19]} axb6 {[%emt 0:00:20]} 27. Rc7+ {[%emt 0:00:34]} Nd7 {[%emt 0:03:30]} 28. Bc4 {[%emt 0:04:44]} Rd6 {[%emt 0:00:06]} 29. Re1 {[%emt 0:01:06]} Bxc4 {[%emt 0:02:06]} 30. Rxc4 {[%emt 0:01:26]} Nf6 {[%emt 0:00:56]} 31. Rc7+ {[%emt 0:02:18]} Ke6 {[%emt 0:00:09]} 32. Rxg7 {[%emt 0:00:11]} Kd5 {[%emt 0:00:10]} 33. Rxg6 {[%emt 0:01:11]} d3 {[%emt 0:00:17]} 34. g4 {[%emt 0:00:28]} Rc6 {[%emt 0:02:11]} 35. Rd1 {[%emt 0:00:49]} Ke5 {[%emt 0:04:04]} 36. g5 {[%emt 0:04:32]} Nh5 {[%emt 0:01:35]} 37. Rxc6 {[%emt 0:02:13]} bxc6 {[%emt 0:00:05]} 38. f3 {[%emt 0:00:09]} Kd4 {[%emt 0:01:47]} 39. fxe4 {[%emt 0:00:10]} Kxe4 {[%emt 0:00:08]} 40. Kf2 {[%emt 0:00:00]} Nf4 {[%emt 0:00:00]} 41. Re1+ {[%emt 0:01:09]} Kf5 {[%emt 0:04:04]} 42. Ke3 {[%emt 0:01:09]} Nd5+ {[%emt 0:13:57]} 43. Kxd3 {[%emt 0:00:08]} Kxg5 {[%emt 0:00:04]} 44. Re5+ {[%emt 0:00:05]} 1-0

[Event "46th GRE-chT Premier 2018"]
[Site "Rio Achaia"]
[Date "2018.07.10"]
[Round "1"]
[White "Papadopoulos, Nikolaos"]
[Black "Kourousis, Epaminondas"]
[Result "1/2-1/2"]
[WhiteElo "2228"]
[BlackElo "2399"]
[Annotator "NA"]
[PlyCount "64"]
[EventDate "2018.07.10"]
[EventType "team-tourn"]
[EventCountry "GRE"]
[SourceTitle "playchess.com"]
[Source "ChessBase"]
[SourceQuality "1"]
[TimeControl "40/5400+30:1800+30"]

1. e4 {[%emt 0:00:06]} d5 {[%emt 0:00:00]} 2. exd5 {[%emt 0:00:11]} Qxd5 {[%emt 0:00:00]} 3. Nc3 {[%emt 0:02:12]} Qa5 {[%emt 0:00:00]} 4. Nf3 {[%emt 0:01:31]} Nf6 {[%emt 0:00:18]} 5. g3 {[%emt 0:01:03]} Bg4 {[%emt 0:03:23]} 6. h3 {[%emt 0:00:45]} Bh5 {[%emt 0:01:31]} 7. Bg2 {[%emt 0:02:04]} e6 {[%emt 0:06:43]} 8. g4 {[%emt 0:14:03]} Bg6 {[%emt 0:00:10]} 9. Nh4 {[%emt 0:03:52]} c6 {[%emt 0:02:19]} 10. O-O {[%emt 0:04:30]} Be7 {[%emt 0:03:58]} 11. d4 {[%emt 0:01:21]} Nbd7 {[%emt 0:08:55]} 12. Nxg6 {[%emt 0:09:29]} hxg6 {[%emt 0:00:24]} 13. Qf3 {[%emt 0:00:33]} Nh7 {[%emt 0:07:22]} 14. Rd1 {[%emt 0:13:18]} O-O {[%emt 0:08:21]} 15. Bf4 {[%emt 0:02:18]} Rfd8 {[%emt 0:03:05]} 16. a3 {[%emt 0:04:53]} a6 {[%emt 0:15:38]} 17. Qe2 {[%emt 0:03:32]} Ndf6 {[%emt 0:06:09]} 18. Be3 {[%emt 0:19:52]} Qc7 {[%emt 0:01:38]} 19. Qf3 {[%emt 0:09:08]} Nd5 {[%emt 0:05:12]} 20. Ne2 {[%emt 0:00:03]} Bg5 {[%emt 0:02:15]} 21. c4 {[%emt 0:01:13]} Nxe3 {[%emt 0:00:23]} 22. fxe3 {[%emt 0:00:03]} a5 {[%emt 0:00:40]} 23. Nc3 {[%emt 0:01:24]} Nf6 {[%emt 0:00:51]} 24. Qf2 {[%emt 0:01:32]} Qb6 {[%emt 0:07:45]} 25. Re1 {[%emt 0:01:33]} Nd7 {[%emt 0:01:28]} 26. Rf1 {[%emt 0:00:09]} Rf8 {[%emt 0:00:50]} 27. Ne4 {[%emt 0:00:23]} Be7 {[%emt 0:00:11]} 28. Qc2 {[%emt 0:00:29]} Rad8 {[%emt 0:01:11]} 29. Rad1 {[%emt 0:00:02]} Nf6 {[%emt 0:00:45]} 30. Nc3 {[%emt 0:00:38]} e5 {[%emt 0:01:06]} 31. c5 {[%emt 0:01:23]} Qc7 {[%emt 0:00:48]} 32. Qf2 {[%emt 0:00:27]} Rde8 {[%emt 0:07:46]} 1/2-1/2

[Event "46th GRE-chT Premier 2018"]
[Site "Rio Achaia"]
[Date "2018.07.10"]
[Round "1"]
[White "Tsakiris, Haralambos"]
[Black "Papadopoulos, Panayotis"]
[Result "1/2-1/2"]
[WhiteElo "2222"]
[BlackElo "2189"]
[Annotator "NA"]
[PlyCount "81"]
[EventDate "2018.07.10"]
[EventType "team-tourn"]
[EventCountry "GRE"]
[SourceTitle "playchess.com"]
[Source "ChessBase"]
[SourceQuality "1"]
[TimeControl "40/5400+30:1800+30"]

1. e4 {[%emt 0:00:00]} c5 {[%emt 0:00:01]} 2. Nf3 {[%emt 0:00:00]} Nc6 {[%emt 0:00:04]} 3. Bb5 {[%emt 0:00:00]} g6 {[%emt 0:00:18]} 4. Bxc6 {[%emt 0:00:00]} dxc6 {[%emt 0:00:08]} 5. d3 {[%emt 0:00:34]} Bg7 {[%emt 0:00:12]} 6. h3 {[%emt 0:00:06]} e5 {[%emt 0:00:03]} 7. Be3 {[%emt 0:00:16]} Qe7 {[%emt 0:00:08]} 8. Nc3 {[%emt 0:00:12]} Nf6 {[%emt 0:00:06]} 9. Qd2 {[%emt 0:00:03]} Nd7 {[%emt 0:00:06]} 10. Bh6 {[%emt 0:00:10]} f6 {[%emt 0:00:06]} 11. Bxg7 {[%emt 0:00:25]} Qxg7 {[%emt 0:00:06]} 12. Nh2 {[%emt 0:00:14]} Nf8 {[%emt 0:06:46]} 13. f4 {[%emt 0:01:12]} Ne6 {[%emt 0:00:45]} 14. fxe5 {[%emt 0:02:37]} fxe5 {[%emt 0:00:07]} 15. Rf1 {[%emt 0:18:15]} Nf4 {[%emt 0:05:45]} 16. O-O-O {[%emt 0:11:17]} O-O {[%emt 0:06:30]} 17. h4 {[%emt 0:06:53]} Be6 {[%emt 0:03:38]} 18. g3 {[%emt 0:12:33]} Nh5 {[%emt 0:00:42]} 19. Qe3 {[%emt 0:01:49]} c4 {[%emt 0:11:37]} 20. Rxf8+ {[%emt 0:02:18]} Rxf8 {[%emt 0:10:20]} 21. dxc4 {[%emt 0:00:46]} Bxc4 {[%emt 0:00:40]} 22. g4 {[%emt 0:12:28]} Nf4 {[%emt 0:00:08]} 23. Qxa7 {[%emt 0:00:53]} Ng2 {[%emt 0:06:34]} 24. g5 {[%emt 0:05:57]} h5 {[%emt 0:11:27]} 25. Qg1 {[%emt 0:02:53]} Nxh4 {[%emt 0:01:10]} 26. Qg3 {[%emt 0:00:27]} Rf4 {[%emt 0:00:17]} 27. b3 {[%emt 0:06:01]} Be6 {[%emt 0:01:35]} 28. Rd8+ {[%emt 0:06:24]} Kh7 {[%emt 0:00:09]} 29. Kb2 {[%emt 0:00:59]} Qe7 {[%emt 0:03:00]} 30. Rb8 {[%emt 0:03:25]} Qc7 {[%emt 0:02:33]} 31. Ra8 {[%emt 0:00:36]} Qd6 {[%emt 0:01:55]} 32. Ra7 {[%emt 0:02:47]} Bc8 {[%emt 0:14:47]} 33. Ra8 {[%emt 0:00:24]} Bd7 {[%emt 0:01:27]} 34. Ra7 {[%emt 0:00:05]} Bc8 {[%emt 0:06:44]} 35. Ra8 {[%emt 0:00:05]} Be6 {[%emt 0:00:17]} 36. Ra7 {[%emt 0:00:06]} Qd4 {[%emt 0:00:04]} 37. Rxb7+ {[%emt 0:00:34]} Kg8 {[%emt 0:00:06]} 38. Ka3 {[%emt 0:04:43]} Bc8 {[%emt 0:02:51]} 39. Rb4 {[%emt 0:00:24]} Qc5 {[%emt 0:03:52]} 40. Qd3 {[%emt 0:00:00]} Rf8 {[%emt 0:00:00]} 41. Qc4+ 1/2-1/2

[Event "46th GRE-chT Premier 2018"]
[Site "Rio Achaia"]
[Date "2018.07.10"]
[Round "1"]
[White "Roinos, Ilias"]
[Black "Galopoulos, Nikolaos"]
[Result "0-1"]
[WhiteElo "2220"]
[BlackElo "2351"]
[Annotator "NA"]
[PlyCount "96"]
[EventDate "2018.07.10"]
[EventType "team-tourn"]
[EventCountry "GRE"]
[SourceTitle "playchess.com"]
[Source "ChessBase"]
[SourceQuality "1"]
[TimeControl "40/5400+30:1800+30"]

1. e4 {[%emt 0:00:00]} c5 {[%emt 0:00:00]} 2. Nf3 {[%emt 0:00:00]} d6 {[%emt 0:00:00]} 3. d4 {[%emt 0:00:00]} cxd4 {[%emt 0:00:00]} 4. Nxd4 {[%emt 0:00:01]} Nf6 {[%emt 0:00:00]} 5. Nc3 {[%emt 0:00:11]} a6 {[%emt 0:00:00]} 6. Bc4 {[%emt 0:00:10]} e6 {[%emt 0:00:00]} 7. Bb3 {[%emt 0:00:07]} b5 {[%emt 0:00:00]} 8. Bg5 {[%emt 0:00:08]} Be7 {[%emt 0:00:01]} 9. Qf3 {[%emt 0:00:09]} Qb6 {[%emt 0:00:21]} 10. O-O-O {[%emt 0:00:28]} Nbd7 {[%emt 0:00:35]} 11. Rhe1 {[%emt 0:05:02]} O-O {[%emt 0:01:43]} 12. Qg3 {[%emt 0:03:49]} Nc5 {[%emt 0:02:02]} 13. f4 {[%emt 0:21:40]} Qb7 {[%emt 0:01:49]} 14. Qh4 {[%emt 0:24:23]} h6 {[%emt 0:30:19]} 15. Bxh6 {[%emt 0:02:28]} Nfxe4 {[%emt 0:00:38]} 16. Bg5 {[%emt 0:08:06]} Nxg5 {[%emt 0:07:02]} 17. fxg5 {[%emt 0:00:13]} b4 {[%emt 0:20:20]} 18. Re3 {[%emt 0:19:05]} Nxb3+ {[%emt 0:03:52]} 19. Nxb3 {[%emt 0:01:34]} bxc3 {[%emt 0:06:29]} 20. Rh3 {[%emt 0:00:06]} Bxg5+ {[%emt 0:05:51]} 21. Qxg5 {[%emt 0:00:03]} cxb2+ {[%emt 0:01:59]} 22. Kb1 {[%emt 0:01:28]} e5 {[%emt 0:00:23]} 23. Rg3 {[%emt 0:03:54]} f6 {[%emt 0:00:47]} 24. Qg6 {[%emt 0:00:21]} Qf7 {[%emt 0:10:00]} 25. Qxf7+ {[%emt 0:00:26]} Kxf7 {[%emt 0:00:03]} 26. Rxd6 {[%emt 0:00:21]} Bf5 {[%emt 0:02:50]} 27. Kxb2 {[%emt 0:02:41]} Rfc8 {[%emt 0:01:46]} 28. c3 {[%emt 0:00:12]} Rd8 {[%emt 0:00:03]} 29. Rxd8 {[%emt 0:00:09]} Rxd8 {[%emt 0:00:01]} 30. c4 {[%emt 0:01:36]} Be6 {[%emt 0:03:45]} 31. c5 {[%emt 0:03:51]} Rc8 {[%emt 0:00:37]} 32. Rc3 {[%emt 0:00:07]} Bd5 {[%emt 0:00:04]} 33. g3 {[%emt 0:00:30]} f5 {[%emt 0:00:49]} 34. Na5 {[%emt 0:02:44]} Ke6 {[%emt 0:00:16]} 35. a3 {[%emt 0:00:44]} g5 {[%emt 0:00:04]} 36. Kc1 {[%emt 0:00:04]} e4 {[%emt 0:01:25]} 37. Kd2 {[%emt 0:00:38]} Rh8 {[%emt 0:00:48]} 38. c6 {[%emt 0:00:13]} Rxh2+ {[%emt 0:00:24]} 39. Ke1 {[%emt 0:00:02]} Rh8 {[%emt 0:00:10]} 40. c7 {[%emt 0:00:00]} Rc8 {[%emt 0:00:00]} 41. Nc6 {[%emt 0:05:33]} Kd6 {[%emt 0:13:29]} 42. Nd4 {[%emt 0:01:11]} f4 {[%emt 0:02:47]} 43. gxf4 {[%emt 0:13:13]} gxf4 {[%emt 0:00:01]} 44. Nf5+ {[%emt 0:00:11]} Kd7 {[%emt 0:01:29]} 45. Rc5 {[%emt 0:00:44]} Bb7 {[%emt 0:01:13]} 46. Nd4 {[%emt 0:10:55]} f3 {[%emt 0:00:16]} 47. a4 {[%emt 0:00:18]} Rxc7 {[%emt 0:01:07]} 48. Nb3 {[%emt 0:00:09]} e3 {[%emt 0:03:28]} 0-1

[Event "46th GRE-chT Premier 2018"]
[Site "Rio Achaia"]
[Date "2018.07.10"]
[Round "1"]
[White "Galunova, Tsveta"]
[Black "Antova, Gabriela"]
[Result "0-1"]
[WhiteElo "2204"]
[BlackElo "2301"]
[Annotator "NA"]
[PlyCount "44"]
[EventDate "2018.07.10"]
[EventType "team-tourn"]
[EventCountry "GRE"]
[SourceTitle "playchess.com"]
[Source "ChessBase"]
[SourceQuality "1"]
[TimeControl "40/5400+30:1800+30"]

1. d4 {[%emt 0:00:00]} d5 {[%emt 0:00:00]} 2. c4 {[%emt 0:00:00]} dxc4 {[%emt 0:00:00]} 3. Nf3 {[%emt 0:00:00]} Nf6 {[%emt 0:06:31]} 4. e3 {[%emt 0:00:19]} Bg4 {[%emt 0:00:14]} 5. Bxc4 {[%emt 0:00:16]} e6 {[%emt 0:00:09]} 6. h3 {[%emt 0:00:17]} Bh5 {[%emt 0:00:11]} 7. Nc3 {[%emt 0:00:36]} Nc6 {[%emt 0:00:33]} 8. Bb5 {[%emt 0:01:04]} Bd6 {[%emt 0:00:27]} 9. Qa4 {[%emt 0:02:21]} Bxf3 {[%emt 0:04:20]} 10. gxf3 {[%emt 0:00:04]} O-O {[%emt 0:00:31]} 11. Bxc6 {[%emt 0:05:38]} bxc6 {[%emt 0:00:09]} 12. Qxc6 {[%emt 0:03:56]} Rb8 {[%emt 0:04:51]} 13. f4 {[%emt 0:12:06]} Rb6 {[%emt 0:08:53]} 14. Qf3 {[%emt 0:01:08]} c5 {[%emt 0:04:19]} 15. Na4 {[%emt 0:21:27]} Rb5 {[%emt 0:03:14]} 16. dxc5 {[%emt 0:02:51]} Qa5+ {[%emt 0:04:59]} 17. Bd2 {[%emt 0:01:11]} Qxa4 {[%emt 0:00:49]} 18. cxd6 {[%emt 0:00:25]} Rxb2 {[%emt 0:01:03]} 19. Bc3 {[%emt 0:05:09]} Ne4 {[%emt 0:00:54]} 20. Bxb2 {[%emt 0:23:26]} Qb4+ {[%emt 0:01:01]} 21. Kf1 {[%emt 0:07:35]} Nd2+ {[%emt 0:00:55]} 22. Kg2 {[%emt 0:00:16]} Nxf3 {[%emt 0:00:13]} 0-1

[Event "46th GRE-chT Premier 2018"]
[Site "Rio Achaia"]
[Date "2018.07.10"]
[Round "1"]
[White "Klerides, Paris"]
[Black "Beliotis, Georgios"]
[Result "0-1"]
[WhiteElo "2196"]
[BlackElo "2175"]
[Annotator "NA"]
[PlyCount "124"]
[EventDate "2018.07.10"]
[EventType "team-tourn"]
[EventCountry "GRE"]
[SourceTitle "playchess.com"]
[Source "ChessBase"]
[SourceQuality "1"]
[TimeControl "40/5400+30:1800+30"]

1. d4 {[%emt 0:00:00]} Nf6 {[%emt 0:00:00]} 2. Nf3 {[%emt 0:00:00]} e6 {[%emt 0:00:36]} 3. e3 {[%emt 0:00:00]} c5 {[%emt 0:01:54]} 4. Bd3 {[%emt 0:00:18]} d6 {[%emt 0:02:42]} 5. O-O {[%emt 0:02:54]} Be7 {[%emt 0:01:29]} 6. Nbd2 {[%emt 0:03:22]} O-O {[%emt 0:00:34]} 7. c3 {[%emt 0:02:51]} Nbd7 {[%emt 0:01:25]} 8. Qc2 {[%emt 0:02:44]} Qc7 {[%emt 0:11:04]} 9. Re1 {[%emt 0:04:08]} a6 {[%emt 0:13:55]} 10. a4 {[%emt 0:01:21]} b6 {[%emt 0:00:57]} 11. Ng5 {[%emt 0:08:39]} h6 {[%emt 0:04:11]} 12. Nge4 {[%emt 0:03:11]} Bb7 {[%emt 0:02:53]} 13. b3 {[%emt 0:05:46]} Rac8 {[%emt 0:02:43]} 14. Bb2 {[%emt 0:02:24]} Qb8 {[%emt 0:06:18]} 15. Rac1 {[%emt 0:04:15]} Qa8 {[%emt 0:13:40]} 16. f3 {[%emt 0:02:39]} cxd4 {[%emt 0:02:46]} 17. exd4 {[%emt 0:00:28]} Nd5 {[%emt 0:03:10]} 18. Qd1 {[%emt 0:03:28]} Nf4 {[%emt 0:05:58]} 19. Bb1 {[%emt 0:07:35]} b5 {[%emt 0:04:16]} 20. axb5 {[%emt 0:07:23]} axb5 {[%emt 0:00:09]} 21. Nf1 {[%emt 0:02:34]} f5 {[%emt 0:03:15]} 22. Neg3 {[%emt 0:04:04]} Bg5 {[%emt 0:01:44]} 23. Rc2 {[%emt 0:08:30]} Nb6 {[%emt 0:03:11]} 24. Bc1 {[%emt 0:05:47]} Nbd5 {[%emt 0:04:37]} 25. c4 {[%emt 0:07:05]} Nb4 {[%emt 0:01:20]} 26. Rf2 {[%emt 0:04:56]} bxc4 {[%emt 0:01:38]} 27. h4 {[%emt 0:03:06]} Nfd3 {[%emt 0:02:33]} 28. hxg5 {[%emt 0:00:05]} Nxf2 {[%emt 0:00:49]} 29. Kxf2 {[%emt 0:00:06]} c3 {[%emt 0:01:34]} 30. Bd3 {[%emt 0:01:45]} Qa7 {[%emt 0:00:42]} 31. Ne2 {[%emt 0:01:59]} Ba6 {[%emt 0:01:20]} 32. Bc4 {[%emt 0:01:51]} d5 {[%emt 0:00:42]} 33. Bxa6 {[%emt 0:00:08]} Qxa6 {[%emt 0:00:24]} 34. Nf4 {[%emt 0:00:16]} hxg5 {[%emt 0:01:21]} 35. Rxe6 {[%emt 0:00:02]} Rc6 {[%emt 0:01:00]} 36. Rxc6 {[%emt 0:00:39]} Qxc6 {[%emt 0:00:24]} 37. Nh3 {[%emt 0:00:41]} g4 {[%emt 0:00:24]} 38. Ng5 {[%emt 0:00:25]} Ra8 {[%emt 0:00:25]} 39. fxg4 {[%emt 0:00:38]} Ra1 {[%emt 0:00:42]} 40. gxf5 {[%emt 0:00:00]} Qf6 {[%emt 0:00:00]} 41. Qe2 {[%emt 0:04:46]} Ra2 {[%emt 0:17:28]} 42. Bd2 {[%emt 0:01:28]} Nd3+ {[%emt 0:04:36]} 43. Qxd3 {[%emt 0:10:48]} cxd2 {[%emt 0:00:29]} 44. Nxd2 {[%emt 0:02:01]} Qxg5 {[%emt 0:00:07]} 45. Ke1 {[%emt 0:00:58]} Qxg2 {[%emt 0:00:24]} 46. Qc3 {[%emt 0:00:31]} Qg1+ {[%emt 0:01:00]} 47. Ke2 {[%emt 0:00:05]} Qg4+ {[%emt 0:00:21]} 48. Ke1 {[%emt 0:01:20]} Qxf5 {[%emt 0:01:23]} 49. Qf3 {[%emt 0:01:55]} Qg5 {[%emt 0:01:10]} 50. Qc3 {[%emt 0:01:41]} Qg1+ {[%emt 0:00:36]} 51. Ke2 {[%emt 0:00:03]} Qg4+ {[%emt 0:02:01]} 52. Ke1 {[%emt 0:01:52]} Ra8 {[%emt 0:00:51]} 53. Qe3 {[%emt 0:05:53]} Ra1+ {[%emt 0:02:10]} 54. Kf2 {[%emt 0:00:04]} Qg1+ {[%emt 0:00:29]} 55. Kf3 {[%emt 0:00:09]} Qh1+ {[%emt 0:00:09]} 56. Kf2 {[%emt 0:01:16]} Qh2+ {[%emt 0:00:17]} 57. Kf3 {[%emt 0:00:08]} Qh3+ {[%emt 0:00:28]} 58. Kf2 {[%emt 0:01:23]} Qh4+ {[%emt 0:00:20]} 59. Kf3 {[%emt 0:00:20]} Re1 {[%emt 0:03:21]} 60. Qf4 {[%emt 0:03:40]} Qh1+ {[%emt 0:00:27]} 61. Kf2 {[%emt 0:00:53]} Qg1+ {[%emt 0:00:06]} 62. Kf3 {[%emt 0:00:05]} Re8 {[%emt 0:00:08]} 0-1

[Event "46th GRE-chT Premier 2018"]
[Site "Rio Achaia"]
[Date "2018.07.10"]
[Round "1"]
[White "Pavlidou, Ekaterini"]
[Black "Krasteva, Beloslava"]
[Result "1-0"]
[WhiteElo "2186"]
[BlackElo "2086"]
[Annotator "NA"]
[PlyCount "73"]
[EventDate "2018.07.10"]
[EventType "team-tourn"]
[EventCountry "GRE"]
[SourceTitle "playchess.com"]
[Source "ChessBase"]
[SourceQuality "1"]
[TimeControl "40/5400+30:1800+30"]

1. d4 {[%emt 0:00:00]} d5 {[%emt 0:00:00]} 2. c4 {[%emt 0:00:00]} e6 {[%emt 0:00:20]} 3. Nc3 {[%emt 0:00:09]} Be7 {[%emt 0:00:38]} 4. cxd5 {[%emt 0:03:29]} exd5 {[%emt 0:00:47]} 5. Bf4 {[%emt 0:00:13]} Nf6 {[%emt 0:02:33]} 6. e3 {[%emt 0:00:13]} O-O {[%emt 0:01:01]} 7. Bd3 {[%emt 0:00:35]} c5 {[%emt 0:01:40]} 8. Nge2 {[%emt 0:01:25]} Nc6 {[%emt 0:11:51]} 9. O-O {[%emt 0:01:26]} Be6 {[%emt 0:03:57]} 10. h3 {[%emt 0:04:13]} a6 {[%emt 0:05:46]} 11. Rc1 {[%emt 0:01:10]} c4 {[%emt 0:09:30]} 12. Bb1 {[%emt 0:01:08]} b5 {[%emt 0:02:24]} 13. a3 {[%emt 0:01:33]} Qd7 {[%emt 0:05:24]} 14. Ng3 {[%emt 0:03:50]} Rfd8 {[%emt 0:05:10]} 15. Bg5 {[%emt 0:04:29]} Ne8 {[%emt 0:05:32]} 16. Bxe7 {[%emt 0:02:47]} Nxe7 {[%emt 0:01:31]} 17. Qc2 {[%emt 0:00:23]} g6 {[%emt 0:01:16]} 18. Rcd1 {[%emt 0:06:22]} a5 {[%emt 0:03:49]} 19. Nce2 {[%emt 0:01:56]} Nd6 {[%emt 0:10:10]} 20. f3 {[%emt 0:04:05]} b4 {[%emt 0:06:39]} 21. e4 {[%emt 0:03:33]} bxa3 {[%emt 0:05:38]} 22. bxa3 {[%emt 0:00:10]} Nb5 {[%emt 0:00:57]} 23. Qc1 {[%emt 0:02:01]} Nc6 {[%emt 0:05:05]} 24. a4 {[%emt 0:01:28]} Nd6 {[%emt 0:01:38]} 25. Nf4 {[%emt 0:02:33]} Nb4 {[%emt 0:00:58]} 26. Rfe1 {[%emt 0:07:01]} Qxa4 {[%emt 0:04:08]} 27. e5 {[%emt 0:05:11]} Ne8 {[%emt 0:01:05]} 28. Nfh5 {[%emt 0:10:30]} gxh5 {[%emt 0:02:02]} 29. Qg5+ {[%emt 0:00:06]} Kf8 {[%emt 0:00:47]} 30. f4 {[%emt 0:02:41]} Nd3 {[%emt 0:01:10]} 31. Rf1 {[%emt 0:07:01]} h6 {[%emt 0:01:18]} 32. Qxh6+ {[%emt 0:00:21]} Ke7 {[%emt 0:00:19]} 33. f5 {[%emt 0:00:48]} Qc6 {[%emt 0:00:44]} 34. Bxd3 {[%emt 0:05:55]} cxd3 {[%emt 0:00:10]} 35. fxe6 {[%emt 0:01:21]} Qxe6 {[%emt 0:00:12]} 36. Qxh5 {[%emt 0:01:53]} Nc7 {[%emt 0:01:10]} 37. Rf6 {[%emt 0:01:24]} 1-0

[Event "46th GRE-chT Premier 2018"]
[Site "Rio Achaia"]
[Date "2018.07.10"]
[Round "1"]
[White "Tzintzios, Georgios"]
[Black "Argiroudis, Stamatis"]
[Result "0-1"]
[WhiteElo "2186"]
[BlackElo "2306"]
[Annotator "NA"]
[PlyCount "88"]
[EventDate "2018.07.10"]
[EventType "team-tourn"]
[EventCountry "GRE"]
[SourceTitle "playchess.com"]
[Source "ChessBase"]
[SourceQuality "1"]
[TimeControl "40/5400+30:1800+30"]

1. e4 {[%emt 0:00:00]} c6 {[%emt 0:00:00]} 2. d3 {[%emt 0:00:38]} d5 {[%emt 0:00:20]} 3. Nd2 {[%emt 0:00:07]} e5 {[%emt 0:00:45]} 4. Ngf3 {[%emt 0:00:07]} Bd6 $11 {[%emt 0:00:37]} 5. Qe2 {[%emt 0:00:06]} Nf6 {[%emt 0:01:08]} 6. g3 {[%emt 0:05:50]} O-O {[%emt 0:00:40]} 7. Bg2 {[%emt 0:00:04]} Re8 {[%emt 0:02:47]} 8. O-O {[%emt 0:00:41]} Nbd7 {[%emt 0:02:33]} 9. b3 {[%emt 0:04:23]} a5 {[%emt 0:04:26]} 10. a4 {[%emt 0:03:04]} Qc7 {[%emt 0:05:45]} 11. Bb2 {[%emt 0:03:36]} Nc5 {[%emt 0:07:27]} 12. Nh4 {[%emt 0:11:11]} Bg4 {[%emt 0:08:33]} 13. f3 {[%emt 0:10:37]} Bd7 {[%emt 0:01:59]} 14. f4 {[%emt 0:00:10]} Bg4 {[%emt 0:06:08]} 15. Qf2 {[%emt 0:05:02]} dxe4 {[%emt 0:06:07]} 16. dxe4 {[%emt 0:06:56]} exf4 {[%emt 0:15:53]} 17. Bxf6 {[%emt 0:06:00]} Ne6 {[%emt 0:05:20]} 18. Bd4 {[%emt 0:04:48]} fxg3 {[%emt 0:00:13]} 19. Qe3 {[%emt 0:03:44]} Nxd4 {[%emt 0:03:17]} 20. Qxd4 {[%emt 0:00:24]} Qe7 {[%emt 0:00:59]} 21. Nf5 {[%emt 0:00:22]} Bxf5 {[%emt 0:00:11]} 22. Rxf5 {[%emt 0:00:06]} g6 {[%emt 0:05:48]} 23. Nc4 {[%emt 0:00:44]} Bb8 {[%emt 0:00:27]} 24. Rc5 {[%emt 0:10:08]} Ba7 {[%emt 0:05:49]} 25. Nd6 {[%emt 0:00:16]} Qe5 {[%emt 0:01:34]} 26. Qxe5 {[%emt 0:03:56]} Rxe5 {[%emt 0:00:04]} 27. Nxb7 {[%emt 0:00:18]} Bxc5+ {[%emt 0:02:10]} 28. Nxc5 {[%emt 0:00:03]} Rxc5 {[%emt 0:00:04]} 29. hxg3 {[%emt 0:07:53]} Rxc2 {[%emt 0:00:14]} 30. Bf1 {[%emt 0:01:10]} Rd8 {[%emt 0:02:27]} 31. Re1 {[%emt 0:03:01]} c5 {[%emt 0:02:31]} 32. Bc4 {[%emt 0:02:24]} Kg7 {[%emt 0:00:45]} 33. e5 {[%emt 0:00:12]} Rdd2 {[%emt 0:00:26]} 34. Bf1 {[%emt 0:02:24]} Rc3 {[%emt 0:01:00]} 35. Bc4 {[%emt 0:00:54]} Rxg3+ {[%emt 0:00:20]} 36. Kh1 {[%emt 0:00:34]} Rc3 {[%emt 0:01:06]} 37. Rf1 {[%emt 0:01:27]} Rxc4 {[%emt 0:01:35]} 38. bxc4 {[%emt 0:00:05]} Ra2 {[%emt 0:00:07]} 39. Rc1 {[%emt 0:04:52]} Kf8 {[%emt 0:00:21]} 40. Rf1 {[%emt 0:00:00]} Ke7 {[%emt 0:00:00]} 41. Rb1 {[%emt 0:03:17]} Rxa4 {[%emt 0:00:39]} 42. Rb5 {[%emt 0:03:15]} Rxc4 {[%emt 0:01:24]} 43. Rxa5 {[%emt 0:00:21]} Ke6 {[%emt 0:00:10]} 44. Ra7 {[%emt 0:00:15]} Re4 {[%emt 0:00:17]} 0-1